000 08854cam a2201753 a 4500
999 _c58152
001 13862923
003 LIBRIS
005 20210617093748.0
008 130125s2013 sw |||||||||||000 0|swe|c
020 _a9789113025261
_qinb.
035 _a(BOKR)9789113025261
035 _a(Bo)516092
040 _aBOKR
_dR
_dS
_dX
_ea
041 _aswe
082 0 4 _a320.5310922485
_223/swe
084 _aOcgd
_2kssb/8
100 1 _aLeijnegard, Micke,
_d1964-
_0https://libris.kb.se/pm14bn374jgldlq#it
245 1 0 _a68:orna :
_bvar blev ni av, ljuva drömmar /
_cMicke Leijnegard.
264 1 _aStockholm :
_bNorstedt,
_c2013
264 3 _aFinland
300 _a253 s.
_bill.
_c23 cm
340 _b23 cm
583 _5R
_a20130514
648 7 _a1960-talet
_0https://id.kb.se/term/sao/1960-talet
_2sao
650 7 _a1968
_0https://id.kb.se/term/sao/1968
_2sao
650 7 _aVänsterrörelser
_xhistoria
_2sao
650 0 _aNineteen sixty-eight, A.D.
651 4 _aSverige
_0https://libris.kb.se/97mppvdt327j8rx#it
698 _a201320
951 s _6651
_aKonungariket Sverige
887 _a{"@id":"3mfj6vnf4lzfns7","modified":"2019-06-12T17:41:09.317+02:00","checksum":"121251916041"}
_2librisxl
887 _a{"@id":"kpwd64qq24xmq16","modified":"2013-04-26T13:56:48+02:00","checksum":"50242246279"}
_2librisxl
887 _a{"@id":"9fm4tbgg0l4293b","modified":"2013-06-18T13:49:58+02:00","checksum":"45413186603"}
_2librisxl
887 _a{"@id":"04bzfg653551zkw","modified":"2014-04-01T12:19:04+02:00","checksum":"43735082857"}
_2librisxl
887 _a{"@id":"kpwd20lq5sxd1mt","modified":"2013-04-23T08:47:34+02:00","checksum":"43670730820"}
_2librisxl
887 _a{"@id":"sx4mw40z30hck1m","modified":"2013-06-24T10:59:39+02:00","checksum":"37722676345"}
_2librisxl
887 _a{"@id":"sx4mfltz16qb924","modified":"2013-04-26T15:53:20+02:00","checksum":"43861003587"}
_2librisxl
887 _a{"@id":"kpwdfh9q051hm3v","modified":"2013-05-21T16:59:58+02:00","checksum":"43117413719"}
_2librisxl
887 _a{"@id":"z39tkmb42cx2j3g","modified":"2013-08-22T09:14:26+02:00","checksum":"45180184351"}
_2librisxl
887 _a{"@id":"59h0p4nb3gv5bnp","modified":"2013-04-24T13:54:59+02:00","checksum":"44432444214"}
_2librisxl
887 _a{"@id":"pt1jn7fv1896xjr","modified":"2017-02-06T18:51:25+01:00","checksum":"47533496486"}
_2librisxl
887 _a{"@id":"v06pzhc11cgzk0p","modified":"2013-06-25T16:16:17+02:00","checksum":"50783583469"}
_2librisxl
887 _a{"@id":"kpwd3qsq4tlwd3q","modified":"2013-04-23T18:53:22+02:00","checksum":"45528045476"}
_2librisxl
887 _a{"@id":"26dw05j75qc2qqb","modified":"2013-06-13T16:18:07+02:00","checksum":"46209320770"}
_2librisxl
887 _a{"@id":"59h0n6db157w7rv","modified":"2016-03-07T10:22:15+01:00","checksum":"54758123645"}
_2librisxl
887 _a{"@id":"15dcgw962h2rbfm","modified":"2016-03-15T09:53:26+01:00","checksum":"41293563208"}
_2librisxl
887 _a{"@id":"9fm4b9pg4nj7bcn","modified":"2018-03-15T17:25:03+01:00","checksum":"38942001678"}
_2librisxl
887 _a{"@id":"z39sp9p43zd908g","modified":"2013-04-30T08:27:11+02:00","checksum":"40011378515"}
_2librisxl
887 _a{"@id":"fkr8zcdl3r31qf8","modified":"2013-07-10T12:13:31+02:00","checksum":"43080072976"}
_2librisxl
887 _a{"@id":"hmtb4rhn4824jnc","modified":"2013-05-08T10:16:38+02:00","checksum":"44715563474"}
_2librisxl
887 _a{"@id":"jnvcj9np5ttjgw5","modified":"2013-06-03T08:27:23+02:00","checksum":"46733766297"}
_2librisxl
887 _a{"@id":"26dwxtb722p8zp2","modified":"2013-05-22T12:28:57+02:00","checksum":"41625078825"}
_2librisxl
887 _a{"@id":"9fng08dg2cl7fcf","modified":"2015-10-19T16:13:24+02:00","checksum":"44824390560"}
_2librisxl
887 _a{"@id":"37fx5z882cchsz5","modified":"2013-06-19T14:19:17+02:00","checksum":"41193836124"}
_2librisxl
887 _a{"@id":"chp6lgpj232p6qw","modified":"2013-07-04T09:23:21+02:00","checksum":"42630115388"}
_2librisxl
887 _a{"@id":"djq7844k089fhxs","modified":"2013-05-28T14:36:23+02:00","checksum":"41306662909"}
_2librisxl
887 _a{"@id":"fkr8ft8l2k3hpp8","modified":"2013-05-29T07:25:46+02:00","checksum":"40646447902"}
_2librisxl
887 _a{"@id":"qv2klqzw0xg6pkv","modified":"2019-09-05T15:58:33.548+02:00","checksum":"51032431315"}
_2librisxl
887 _a{"@id":"jnvchx2p45p0cq4","modified":"2013-05-20T14:00:27+02:00","checksum":"50719518433"}
_2librisxl
887 _a{"@id":"7ck2ph1d3b90s4b","modified":"2013-04-19T15:50:00+02:00","checksum":"53948449831"}
_2librisxl
887 _a{"@id":"37fzm8c8527glvb","modified":"2013-10-14T10:25:36+02:00","checksum":"39184720773"}
_2librisxl
887 _a{"@id":"37fxm1w84gqxgsj","modified":"2013-05-08T10:17:25+02:00","checksum":"42808457816"}
_2librisxl
887 _a{"@id":"chp7lxrj3kk4ktp","modified":"2013-07-09T12:36:47+02:00","checksum":"32484405273"}
_2librisxl
887 _a{"@id":"z39sslg42558csg","modified":"2013-05-14T12:17:36+02:00","checksum":"47204370682"}
_2librisxl
887 _a{"@id":"sx4ttf7z2kct8pq","modified":"2014-10-03T15:43:43+02:00","checksum":"52414747334"}
_2librisxl
887 _a{"@id":"48g0qr893c6pjf6","modified":"2013-08-22T08:22:31+02:00","checksum":"43076295804"}
_2librisxl
887 _a{"@id":"mrzh7r8s1zgh63s","modified":"2013-08-28T16:03:21+02:00","checksum":"35694997713"}
_2librisxl
900 1 s _6100
_d1964-
_uLeijnegard, Micke,
_d1964-
942 _2z
_cBOOK
948 s _6648
_aNittonhundrasextiotalet
_u1960-talet